Contestación dada por los fabricantes de Sabadell, Tarrasa, Olesa, Alcoy y Béjar al interrogatorio formulado por la comisión de información acerca de los valores y clasificación de tejidos de lana. (Record no. 98438)

MARC details
000 -LEADER
campo de control de longitud fija 00599nam a2200157 i 4500
001 - NÚMERO DE CONTROL
campo de control 98438
003 - IDENTIFICADOR DE NÚMERO DE CONTROL
campo de control ES-MaACL
005 - FECHA Y HORA DE LA ÚLTIMA TRANSACCIÓN
campo de control 20230906182302.0
007 - CAMPO FIJO DE DESCRIPCIÓN FÍSICA--INFORMACIÓN GENERAL
campo de control de longitud fija t|
008 - DATOS DE LONGITUD FIJA--INFORMACIÓN GENERAL
campo de control de longitud fija 050831s1879 sp ||||1| spa d
245 00 - MENCIÓN DEL TÍTULO
Título Contestación dada por los fabricantes de Sabadell, Tarrasa, Olesa, Alcoy y Béjar al interrogatorio formulado por la comisión de información acerca de los valores y clasificación de tejidos de lana.
260 ## - PUBLICACIÓN, DISTRIBUCIÓN, ETC.
Lugar de publicación, distribución, etc. Sabadell :
Nombre del editor, distribuidor, etc. [s.n.],
Fecha de publicación, distribución, etc. 1879 (
Fabricante Impr. de M. Torner)
300 ## - DESCRIPCIÓN FÍSICA
Extensión 18 p. ;
Dimensiones 23 cm.
650 ## - PUNTO DE ACCESO ADICIONAL DE MATERIA--TÉRMINO DE MATERIA
Término de materia o nombre geográfico como elemento de entrada Lana-
Subdivisión general Aranceles y tarifas.
9 (RLIN) 136338
852 ## - LOCALIZACIÓN
Ubicación ES-MaACL
Número de control de estantería T-318-F-12
Holdings
Estatus retirado Estado de pérdida Estado de daño No para préstamo Colección Biblioteca de origen Biblioteca actual Ubicación en estantería Fecha de adquisición Fuente de adquisición Total de préstamos Signatura topográfica completa Código de barras Visto por última vez Precio de reemplazo Tipo de ítem Koha
        Colección de folletos Biblioteca del Ateneo de Madrid Biblioteca del Ateneo de Madrid Depósito folletos 17/01/2008     T-318-F-12 1102761 23/02/2023 23/02/2023 Folleto